Di hujung perjuangan

Bibliographic Details
Main Author: MOHD. Ghazali Tocheh 1949-
Format: Book
Published: Kuala Lumpur : DBP , 1992
Subjects:

MARC

LEADER 00000cam a2200000 7i4500
001 0000001828
005 20020206.0
020 0 0 |a 9836227504 
090 0 0 |a 899.28   |b MOH 1992 
100 0 0 |a MOHD. Ghazali Tocheh   |c 1949- 
245 1 0 |a Di hujung perjuangan   |c Mohd. Ghazali Tocheh 
260 0 0 |a Kuala Lumpur :   |b DBP ,   |c 1992 
300 |a 154 p. ;   |c 19 cm. 
650 0 0 |a Malay fiction 
998 |a JPSM 
999 |a 0000000208   |b Monograph   |c Open Shelf   |e Default branch